[Event "LTU-ch sf"]
[Site "Kaunas"]
[Date "2024.03.09"]
[Round "6"]
[White "Cumacenko, Saule"]
[Black "Budiak, Arina"]
[Result "1/2-1/2"]
[WhiteElo "1518"]
[BlackElo "1651"]
[PlyCount "106"]
[EventDate "2024.03.06"]
[EventType "swiss"]
[EventRounds "8"]
[EventCountry "LTU"]
[SourceTitle "CB11_2024"]
[SourceDate "2024.03.13"]
[SourceVersion "1"]
[SourceVersionDate "2024.03.13"]
[SourceQuality "1"]

1. e4 c6 2. d4 d5 3. exd5 cxd5 4. Bd3 Nc6 5. c3 Qc7 6. Be3 Nf6 7. Nf3 Bg4 8. h3 Bh5 9. Nbd2 e6 10. Qc2 Bd6 11. 0-0 0-0 12. Bg5 Bg6 13. Bxf6 gxf6 14. Rac1 Rfc8 15. a3 Qd7 16. Rfe1 Rc7 17. Bxg6 hxg6 18. Qd3 Rac8 19. Re2 Na5 20. Rce1 Nc4 21. Nxc4 Rxc4 22. Qe3 Kg7 23. Nh2 Bxh2+ 24. Kxh2 b5 25. Qd2 a5 26. Re3 b4 27. axb4 axb4 28. Rg3 bxc3 29. bxc3 Qc7 30. Ree3 Qf4 31. Qb2 Rb8 32. Qa2 Rc6 33. Ref3 Qc7 34. h4 Rh8 35. Kh3 g5 36. Rg4 Rxc3 37. Qe2 Rxf3+ 38. Qxf3 Qc1 39. g3 Qf1+ 40. Kh2 Kg6 41. Qf4 Rh5 42. Qe3 Qd1 43. f3 Rh8 44. Rxg5+ fxg5 45. Qxg5+ Kh7 46. Qh5+ Kg8 47. Qg5+ Kf8 48. Qd8+ Kg7 49. Qg5+ Kh7 50. Qh5+ Kg7 51. Qg5+ Kh7 52. Qh5+ Kg7 53. Qg5+ Kh7 1/2-1/2

[Event "LTU-ch sf"]
[Site "Kaunas"]
[Date "2024.03.09"]
[Round "5"]
[White "Cumacenko, Saule"]
[Black "Gedvilaite, Barbora"]
[Result "1-0"]
[WhiteElo "1518"]
[BlackElo "1593"]
[PlyCount "93"]
[EventDate "2024.03.06"]
[EventType "swiss"]
[EventRounds "8"]
[EventCountry "LTU"]
[SourceTitle "CB11_2024"]
[SourceDate "2024.03.13"]
[SourceVersion "1"]
[SourceVersionDate "2024.03.13"]
[SourceQuality "1"]

1. e4 e5 2. Nf3 Nc6 3. Bb5 f5 4. d3 fxe4 5. dxe4 Nf6 6. 0-0 Bc5 7. Bxc6 bxc6 8. Nxe5 0-0 9. Qe2 Kh8 10. Qc4 Qe7 11. Nd3 Bb6 12. Nc3 d6 13. Bg5 Qe8 14. Bxf6 Rxf6 15. Na4 Bd7 16. Nxb6 cxb6 17. f3 Qh5 18. Rf2 Raf8 19. Ne1 Rh6 20. g3 b5 21. Qd4 c5 22. Qd5 Qxd5 23. exd5 Rhf6 24. Rd1 a5 25. Re2 R8f7 26. Rd3 Kg8 27. f4 b4 28. Rde3 Kf8 29. Nf3 h6 30. b3 g5 31. Nd2 gxf4 32. gxf4 Rxf4 33. Nc4 R4f6 34. Nxa5 Bb5 35. Nc4 Ra7 36. c3 Rg7+ 37. Rg2 Rgf7 38. h3 Bxc4 39. bxc4 bxc3 40. Rxc3 Ra7 41. Rcc2 Ra3 42. h4 Kf7 43. Rb2 Ra7 44. h5 Rf5 45. Rbf2 Kf6 46. Rg6+ Ke5 47. Re6+ 1-0

[Event "LTU-ch sf"]
[Site "Kaunas"]
[Date "2024.03.07"]
[Round "3"]
[White "Cumacenko, Saule"]
[Black "Spevak, Dovydas"]
[Result "0-1"]
[WhiteElo "1518"]
[BlackElo "1780"]
[PlyCount "84"]
[EventDate "2024.03.06"]
[EventType "swiss"]
[EventRounds "8"]
[EventCountry "LTU"]
[SourceTitle "CB11_2024"]
[SourceDate "2024.03.13"]
[SourceVersion "1"]
[SourceVersionDate "2024.03.13"]
[SourceQuality "1"]

1. e4 c6 2. d4 d5 3. exd5 cxd5 4. Nf3 Nc6 5. Be3 Nf6 6. Nbd2 Bf5 7. c3 e6 8. Bb5 Bd6 9. Bg5 0-0 10. 0-0 h6 11. Bh4 Be7 12. Ne5 Qc7 13. f4 a6 14. Ba4 b5 15. Bc2 Bxc2 16. Qxc2 Nxd4 17. Qd3 Nc6 18. Rae1 Rfe8 19. Rf3 Nxe5 20. fxe5 Ne4 21. Bxe7 Nxd2 22. Qxd2 Qxe7 23. Rg3 Kh7 24. Ree3 Rg8 25. Qd3+ Kh8 26. Rh3 Raf8 27. Rh5 f5 28. Reh3 Rf7 29. Qg3 Kh7 30. Qf4 Kh8 31. Rg3 Qc5+ 32. Kh1 Qe7 33. Rg6 Rc8 34. g4 Rc4 35. Qg3 Rxg4 36. Rxg4 fxg4 37. Qxg4 Rf1+ 38. Kg2 Qf7 39. Qe2 Ra1 40. a3 Qg6+ 41. Kf2 Qg1+ 42. Kf3 Rf1+ 0-1

[Event "LTU-ch sf"]
[Site "Kaunas"]
[Date "2024.03.06"]
[Round "1"]
[White "Perminaite, Guoda"]
[Black "Cumacenko, Saule"]
[Result "1-0"]
[WhiteElo "1888"]
[BlackElo "1518"]
[PlyCount "67"]
[EventDate "2024.03.06"]
[EventType "swiss"]
[EventRounds "8"]
[EventCountry "LTU"]
[SourceTitle "CB11_2024"]
[SourceDate "2024.03.13"]
[SourceVersion "1"]
[SourceVersionDate "2024.03.13"]
[SourceQuality "1"]

1. e4 e5 2. Nf3 Nc6 3. Bb5 Nf6 4. d3 d6 5. c3 Bd7 6. 0-0 Be7 7. Re1 a6 8. Ba4 Bg4 9. Nbd2 0-0 10. Nf1 b5 11. Bb3 Na5 12. Bc2 Re8 13. Ng3 c6 14. h3 Bd7 15. Be3 Bf8 16. Qd2 Qc7 17. Rad1 Be6 18. Bb1 Rad8 19. Bg5 Be7 20. b4 Nb7 21. d4 Bc4 22. Nf5 a5 23. N3h4 axb4 24. cxb4 exd4 25. Qxd4 c5 26. Qb2 cxb4 27. Nxg7 Kxg7 28. Nf5+ Kg8 29. Bxf6 Bf8 30. Re3 h6 31. Rg3+ Kh7 32. Bxd8 Nxd8 33. Rg7+ Kh8 34. Rxf7+ 1-0

[Event "Wch U12 Girls"]
[Site "Batumi"]
[Date "2022.09.26"]
[Round "10"]
[White "Sivashankar, Samyukta"]
[Black "Cumacenko, Saule"]
[Result "0-1"]
[WhiteElo "1406"]
[BlackElo "1169"]
[PlyCount "57"]
[EventDate "2022.09.16"]
[EventType "swiss"]
[EventRounds "11"]
[EventCountry "GEO"]
[SourceTitle "EXT 2023"]
[Source "ChessBase"]
[SourceDate "2022.10.05"]
[SourceVersion "1"]
[SourceVersionDate "2022.10.05"]
[SourceQuality "1"]

1. e4 e5 2. Bc4 Nc6 3. Nf3 Bc5 4. Nc3 d6 5. d3 Bg4 6. h3 Bh5 7. g4 Bg6 8. h4 h6 9. Be3 Bb4 10. Qd2 Na5 11. 0-0-0 Nxc4 12. dxc4 Bxe4 13. Rh3 Bxf3 14. Rxf3 Qxh4 15. Qd5 0-0-0 16. Rxf7 Bxc3 17. bxc3 Qxg4 18. Bxa7 Nf6 19. Qh1 Qxc4 20. Rxg7 Qxc3 21. Bb6 Qa3+ 22. Kd2 Qb4+ 23. c3 Qxb6 24. Rb1 Qxf2+ 25. Kd1 d5 26. Rf7 Qf5 27. Qg1 Qxb1+ 28. Kd2 Qxg1 29. Rxf6 0-1

[Event "Wch U12 Girls"]
[Site "Batumi"]
[Date "2022.09.21"]
[Round "6"]
[White "Cumacenko, Saule"]
[Black "Shin, Chaeyoon"]
[Result "1-0"]
[WhiteElo "1169"]
[BlackElo "1062"]
[PlyCount "84"]
[EventDate "2022.09.16"]
[EventType "swiss"]
[EventRounds "11"]
[EventCountry "GEO"]
[SourceTitle "EXT 2023"]
[Source "ChessBase"]
[SourceDate "2022.10.05"]
[SourceVersion "1"]
[SourceVersionDate "2022.10.05"]
[SourceQuality "1"]

1. e4 d5 2. exd5 Qxd5 3. Nc3 Qa5 4. d4 Nf6 5. Nf3 Bf5 6. Bc4 e6 7. 0-0 Bd6 8. Be3 Nbd7 9. a3 c6 10. b4 Qc7 11. h3 0-0 12. Qe2 e5 13. dxe5 Nxe5 14. Bb3 Nxf3+ 15. Qxf3 Bg6 16. Ra2 Be5 17. Bc5 Rfd8 18. Ne2 Ne4 19. Be3 Nc3 20. Nxc3 Bxc3 21. Bg5 Bf6 22. Bxf6 gxf6 23. Qxf6 Rd6 24. Qg5 a5 25. h4 a4 26. Bc4 b5 27. Bd3 Kf8 28. Bxg6 Rxg6 29. Qc5+ Kg8 30. h5 Rg7 31. Re1 h6 32. Qe5 Qd8 33. f4 Qb6+ 34. Qe3 Qxe3+ 35. Rxe3 Rg4 36. g3 Kf8 37. c3 Re8 38. Rxe8+ Kxe8 39. Kf2 f5 40. Rd2 Rg7 41. Rd6 Rd7 42. Rxd7 Kxd7 1-0

[Event "Wch U12 Girls"]
[Site "Batumi"]
[Date "2022.09.19"]
[Round "4"]
[White "Cumacenko, Saule"]
[Black "Fawaz, Nadia"]
[Result "0-1"]
[WhiteElo "1169"]
[BlackElo "1500"]
[PlyCount "32"]
[EventDate "2022.09.16"]
[EventType "swiss"]
[EventRounds "11"]
[EventCountry "GEO"]
[SourceTitle "EXT 2023"]
[Source "ChessBase"]
[SourceDate "2022.10.05"]
[SourceVersion "1"]
[SourceVersionDate "2022.10.05"]
[SourceQuality "1"]

1. e4 c5 2. Nf3 e6 3. c3 d5 4. e5 Nc6 5. d4 cxd4 6. cxd4 Bb4+ 7. Bd2 Bxd2+ 8. Nbxd2 Nge7 9. Bb5 Bd7 10. Qe2 Qb6 11. Nb3 Nf5 12. Bxc6 Bxc6 13. 0-0 Bb5 14. Qd2 Bxf1 15. Rxf1 0-0 16. Nc5 Rfd8 0-1

[Event "LTU-ch Amateurs"]
[Site "Kaunas"]
[Date "2020.08.29"]
[Round "4"]
[White "Cumacenko, Saule"]
[Black "Remeikaite, Rugile"]
[Result "0-1"]
[WhiteElo "1153"]
[BlackElo "1058"]
[PlyCount "142"]
[EventDate "2020.08.27"]
[EventType "swiss"]
[EventRounds "7"]
[EventCountry "LTU"]
[SourceTitle "EXT 2022"]
[Source "ChessBase"]
[SourceDate "2021.10.06"]
[SourceVersion "1"]
[SourceVersionDate "2021.10.06"]
[SourceQuality "1"]

1. e4 e6 2. d4 d5 3. e5 c5 4. c3 Nc6 5. Nf3 c4 6. b3 cxb3 7. axb3 f6 8. Qe2 Be7 9. g3 fxe5 10. Nxe5 Nf6 11. Bh3 Nxe5 12. Qxe5 Bd6 13. Qe2 Qd7 14. 0-0 0-0 15. Re1 Re8 16. Ra2 Qe7 17. Rd2 e5 18. Bxc8 Raxc8 19. Bb2 exd4 20. Qxe7 Rxe7 21. Rxe7 Bxe7 22. Rxd4 Bc5 23. Ra4 Re8 24. Kg2 Re2 25. Ba3 Bxf2 26. Kf3 Rc2 27. c4 Bb6 28. c5 Bxc5 29. Bxc5 Rxc5 30. Rxa7 Rb5 31. Nd2 Rb4 32. Ke3 Ng4+ 33. Kd3 Nxh2 34. Ra5 Rg4 35. Rxd5 Rxg3+ 36. Kc4 Ng4 37. Rd8+ Kf7 38. Rd7+ Ke6 39. Rxb7 Ne5+ 40. Kd4 Rd3+ 41. Ke4 Rxd2 42. Rb6+ Kd7 43. Kxe5 Re2+ 44. Kd4 Kc7 45. Ra6 Kb7 46. Ra4 Rg2 47. Rb4+ Kc6 48. Rc4+ Kd6 49. Kc3 Rg3+ 50. Kb4 Kd5 51. Rc5+ Kd6 52. Rc4 h5 53. Ka3 g5 54. Rd4+ Ke5 55. Rc4 h4 56. Kb2 h3 57. Rc8 g4 58. Re8+ Kd4 59. Rd8+ Ke3 60. Rc8 Rg2+ 61. Rc2 Rxc2+ 62. Kxc2 h2 63. b4 h1Q 64. b5 Qg2+ 65. Kb3 Qd5+ 66. Kb4 g3 67. Ka5 g2 68. Kb4 g1R 69. Ka5 Rb1 70. Ka6 Qxb5+ 71. Ka7 Qb7# 0-1

[Event "LTU-ch Amateurs"]
[Site "Kaunas"]
[Date "2020.08.28"]
[Round "3"]
[White "Rudzkis, Vilius"]
[Black "Cumacenko, Saule"]
[Result "1-0"]
[WhiteElo "1615"]
[BlackElo "1153"]
[PlyCount "65"]
[EventDate "2020.08.27"]
[EventType "swiss"]
[EventRounds "7"]
[EventCountry "LTU"]
[SourceTitle "EXT 2022"]
[Source "ChessBase"]
[SourceDate "2021.10.06"]
[SourceVersion "1"]
[SourceVersionDate "2021.10.06"]
[SourceQuality "1"]

1. d4 d5 2. c4 e6 3. Nc3 Nf6 4. cxd5 Nxd5 5. e4 Nf6 6. Nf3 c5 7. e5 Nd5 8. Bg5 Be7 9. Ne4 Bxg5 10. Nfxg5 Qa5+ 11. Nd2 cxd4 12. Qf3 0-0 13. Bd3 f5 14. exf6 Nxf6 15. Nxh7 Rf7 16. Bg6 Rc7 17. Nxf6+ gxf6 18. Qxf6 Nc6 19. h4 Qe5+ 20. Ne4 Re7 21. h5 Qxf6 22. Nxf6+ Kg7 23. h6+ Kh8 24. Rh5 Nb4 25. Kd2 e5 26. Rg5 Re6 27. Ng4 e4 28. Bf7 e3+ 29. fxe3 dxe3+ 30. Ke2 Bd7 31. h7 Kxh7 32. Rh1+ Rh6 33. Rxh6# 1-0